000 01139cam a22003014a 4500
999 _c8724
_d8724
001 15763183
003 GZU
005 20210524125137.0
008 090604s2008 enk w 000 0 eng
010 _a 2009287791
020 _a9781846610974
040 _aDLC
_cDLC
043 _ae-uk-en
_ae-uk-wl
050 0 0 _aKF501 FAM 2008
_b.F36 2008
245 0 0 _aFamily law case library.
_pFinance /
_ceditors, Charles Prest ... [et al.].
246 3 0 _aFinance
260 _aBristol :
_bFamily Law,
_cc2008.
300 _axxxvi, 694 p. ;
_c25 cm. +
_e1 CD-ROM (4 3/4 in.)
500 _aIncludes index.
650 0 _aEquitable distribution of marital property
_zEngland
_vCases.
650 0 _aSupport (Domestic relations)
_zEngland
_vCases.
650 0 _aEquitable distribution of marital property
_zWales
_vCases.
650 0 _aSupport (Domestic relations)
_zWales
_vCases.
700 1 _aPrest, Charles
_c(Solicitor)
906 _a7
_bcbc
_corigres
_d2
_encip
_f20
_gy-gencatlg
942 _2lcc
_cBK
_h501
_iFAM
_kKF